000 00387nam a22001697a 4500
003 UA-OsUOA
001 1912
007 ta
008 20050721b un ||||| |||| 00| 0 ukr d
100 _aЛоховиц
700 _aА. Б.
942 _cBK
040 _aUA-OsUOA
_cUA-OsUOA
_dUA-OsUOA
245 _aРусско-немецкий словарь.
_bGerman
955 _a2
650 7 _2UDC
999 _c288074
_d288074